=LDR 00000nam 2200000 4500 =001 INLIS000000000045696 =005 20250603103205 =035 ##$$a 0010-021500000000256 =008 250603################g##########0#ind## =020 ##$$a 978-979-027-289-6 =040 ##$$a NBPDMAT =082 ##$$a R. 530.03 =090 ##$$a 530.03 $b Cah k =100 ##$$a Cahya Budi Kartiawan =245 1#$$a Kamus Fisika /$c Cahya Budi Kartiawan; penyunting Kuncoro =250 ##$$a Cet.1 =260 ##$$a Bandung :$b Titan Ilmu,$c 2013 =300 ##$$a iv, 116 hlm. : $b ilus. ; $c 21 x 15 cm. =500 ##$$a Bibliografi : hlm.116 =650 #4$$a Fisika - Kamus =700 #$$a Kuncoro =850 ##$$a NBPDMAT =084 ##$$a R. 530.03 CAH k =990 ##$$a 21423012 =990 ##$$a 21423013 =990 ##$$a 21423014 =990 ##$$a 21423015 =990 ##$$a 21423016 =990 ##$$a 21423016 =990 ##$$a 21423012 =990 ##$$a 21423013 =990 ##$$a 21423014 =990 ##$$a 21423015 =990 ##$$a 21423015 =990 ##$$a 21423012 =990 ##$$a 21423013 =990 ##$$a 21423014 =990 ##$$a 21423016 =990 ##$$a 21423014 =990 ##$$a 21423012 =990 ##$$a 21423013 =990 ##$$a 21423015 =990 ##$$a 21423016 =990 ##$$a 21423013 =990 ##$$a 21423012 =990 ##$$a 21423014 =990 ##$$a 21423015 =990 ##$$a 21423016 =990 ##$$a 21423012 =990 ##$$a 21423013 =990 ##$$a 21423014 =990 ##$$a 21423015 =990 ##$$a 21423016